000
00311nam a22001337a 4500
020
_a
0-7136-3757-9
082
_a
823
_b
GOW/J
100
_a
GOWAR, MICK
245
_a
JIMMY WOODS AND THE BIG BAD WOLF
260
_a
LONDON
_b
A & C BLACK
_c
1994
300
_a
64
650
_a
ENGLISH SHORT STORY
_z
LONDON
942
_c
BK
999
_c
2725
_d
2725